000 00720nam a2200217Ia 4500
999 _c51072
_d51072
003 GCL
005 20240530104833.0
008 140319s9999 xx 000 0 ara d
020 _a3375287977
040 _aGCL /
_cGCL
082 0 4 _a780.72
_bن س
100 1 _aناجى حسن قاسم
245 1 0 _aسيكولوجية النغم واللون /
_cناجى حسن قاسم
250 _aالاولى
260 _aالقاهرة :
_bدار الكتب العلمية للنشر والتوزيع ،
_c2004
300 _a189 ص ؛
_c24 سم
650 0 4 _aالاشكال الموسيقية
650 0 4 _aالموسيقى - العصر الحديث
650 0 4 _aالعلاج بالموسيقى
942 _2ddc
_cBK